000 nam a22 7a 4500
999 _c15455
_d15455
008 161101b xxu||||| |||| 00| 0 eng d
020 _a9780300148756
050 _aN6923. B588G63 2011
100 _aGOdfrey, Mark
245 _aAlighiero e Boetti/
260 _aNew Haven and London,
_bYale University Press.
_c2011
300 _a7, 343 p;
_bill:
500 _aIncludes bibliographical references and index.
650 _aBoetti, Alighiero
_yCriticism and interpretation
942 _2lcc
_cBOOKS
_hN 6923. B588G63 2011